ՀՀ Գիտությունների ազգային ակադեմիայի հիմնարար գիտական գրադարան  =   Fundamental Scientific Library of NAS RA

Самородные металлы в изверженных породах : (Record no. 270373)

MARC details
000 -LEADER
fixed length control field 00960nam a2200205 a 4500
001 - CONTROL NUMBER
control field 000731217
003 - CONTROL NUMBER IDENTIFIER
control field AM-YeHGA
005 - DATE AND TIME OF LATEST TRANSACTION
control field 20250617143142.0
008 - FIXED-LENGTH DATA ELEMENTS--GENERAL INFORMATION
fixed length control field 100426s1985 ru r 000 0 rus d
040 ## - CATALOGING SOURCE
Original cataloging agency AM-YeHGA
041 0# - LANGUAGE CODE
Language code of text/sound track or separate title rus
090 ## - LOCALLY ASSIGNED LC-TYPE CALL NUMBER (OCLC); LOCAL CALL NUMBER (RLIN)
-- 272011
111 2# - MAIN ENTRY--MEETING NAME
Meeting name or jurisdiction name as entry element Всесоюзная конференция "Самородное элементообразование в эндогенных процессах"
245 10 - TITLE STATEMENT
Title Самородные металлы в изверженных породах :
Remainder of title Тезисы докладов всесоюзной конференции "Самородное элементообразование в эндогенных процессах".
260 ## - PUBLICATION, DISTRIBUTION, ETC.
Place of publication, distribution, etc. Якутск :
Name of publisher, distributor, etc. Якутский филиал СО АН СССР,
Date of publication, distribution, etc. 1985.
300 ## - PHYSICAL DESCRIPTION
Extent часть.
504 ## - BIBLIOGRAPHY, ETC. NOTE
Bibliography, etc. note Библиогр.: с. 121
505 0# - FORMATTED CONTENTS NOTE
Miscellaneous information Ч. 1 (1985, 123 с.)
653 0# - INDEX TERM--UNCONTROLLED
Uncontrolled term Минералогия - Тезисы докладов
Holdings
Withdrawn status Lost status Damaged status Not for loan Collection Home library Current library Date acquired Total checkouts Full call number Barcode Date last seen Price effective from Koha item type Public note
        General Fundamental Scientific Library Fundamental Scientific Library 29/12/2016   PII/541220 FL0155811 29/12/2016 29/12/2016 Գրքեր / Books 30 Days Loan


ՀՀ ԳԱԱ հիմնարար գիտական գրադարան
ՀՀ,Երևան 0019
Մարշալ Բաղրամյան 24/6
հեռախոս:(374-10) 52-47-50
Հետադարձ կապ

All site content, except where otherwise noted, is licensed under a
Creative Commons License